000 00981nam a22002777a 4500
001 7610
003 FISKH
005 20250728091757.0
008 250728b cb ||||| |||| 00| 0 eng d
020 _a9789674472177
040 _aFISKH
_beng
_cFISKH
_dFISKH
050 _aPZ7
082 _a372.4
100 _aAnonymous
245 _aMy first alphabet :
_bKids creative zone /
260 _aSdn. Bhd :
_bMind to Mind,
_c2010.
300 _a63 pages :
_bcolor illustrations ;
_c22 cm
490 _aMy little toddler's
505 _aC
520 _aCreativity designed with fun and colourful pages, this wonderful series of four books offer early learning and one of which is Alphabets. The captivativg illustrations and captions will delight the learning child. The book is perfect for both home and school use.
521 8 _a40
_bLexile estimate
521 8 _aC
_bRaz-Plus
650 _aAlphabet
_vLearning
_xKids
942 _2ddc
_cBK
_n0
999 _c7610
_d7610